| 000 | 00478nam a2200169Ia 4500 | ||
|---|---|---|---|
| 999 |
_c34975 _d34975 |
||
| 003 | OSt | ||
| 005 | 20200204152651.0 | ||
| 008 | 190216s9999||||xx |||||||||||||| ||und|| | ||
| 040 | _coclc | ||
| 082 |
_a320 _bBIS/D |
||
| 100 |
_aBiswas, S K _91793 |
||
| 245 | 0 |
_aDalits & Muslims As Blood Brothers / _cS K Biswas |
|
| 260 |
_bDalit Sahitha Akademy, _c2008. _aBangalore: |
||
| 300 | _a40p | ||
| 650 | _aPolitics | ||
| 942 |
_cBK _2ddc _h320 _iBIS/D _k320 _mBIS/D |
||